000 00341nam a2200109Ia 4500
008 171211s9999 xx 000 0 und d
245 4 _aThe Congrégation de Notre-Dame, Superiors, and the Paradox of Power, 1693-1796
245 _cColleen Gray
260 _c2007
650 _xReligion
856 _uhttp://down.ebook777.com/064/0773532277.pdf
999 _c350451
_d350451